Gas & oil power.

Bibliographic Details
New Title:Diesel engineering
Format: Journal
Language:English
Published: Maidstone, Eng., [etc.] : Whitehall Press.
Subjects:
Online Availability: Check for online availability

MARC

Tag First Indicator Second Indicator Subfields
LEADER 00000cas a2200000 4500
001 in00000461221
005 20151012084547.0
008 760712d19051975enkqr p 0uuua1eng d
022 |a 0016-4852 
035 |a (OCoLC)02447111 
035 |9 ABY1662AM 
040 |a QPR  |c QPR  |d COO  |d TXA  |d UtOrBLW 
049 |a TXAE 
090 |a TJ751  |b .G22 
245 0 0 |a Gas & oil power. 
247 1 0 |a Mechanical power  |f April 1961-Dec. 1963 
264 1 |a Maidstone, Eng., [etc.] :  |b Whitehall Press. 
300 |a 71 volumes illustrations ;  |c 28 cm.  |a quarterly. 
336 |a text  |b txt  |2 rdacontent 
337 |a unmediated  |b n  |2 rdamedia 
338 |a volume  |b nc  |2 rdacarrier 
362 0 |a v. 1-71, Oct. 15, 1905-1975. 
500 |a "World's first internal-combustion engineering journal." 
650 0 |a Internal combustion engines  |v Periodicals. 
730 0 |a Diesel engineering. 
785 0 0 |t Diesel engineering 
999 |a MARS 
999 f f |s 6d743158-ed3b-313e-b562-0b72936938d5  |i 220ff424-e044-3cac-addb-b9fa597b7827  |t 0 
952 f f |p ric  |a Texas A&M University  |b Rellis Campus  |c Joint Library Facility  |d Remote Storage  |t 0  |e TJ751 .G22  |h Library of Congress classification  |i unmediated -- volume  |k v.55  |l 1960  |m A14851135013 
952 f f |p ric  |a Texas A&M University  |b Rellis Campus  |c Joint Library Facility  |d Remote Storage  |t 0  |e TJ751 .G22  |h Library of Congress classification  |i unmediated -- volume  |l 1953  |m A14816031684 
952 f f |p ric  |a Texas A&M University  |b Rellis Campus  |c Joint Library Facility  |d Remote Storage  |t 0  |e TJ751 .G22  |h Library of Congress classification  |i unmediated -- volume  |k v.52  |l 1957  |m A14851134982 
952 f f |p ric  |a Texas A&M University  |b Rellis Campus  |c Joint Library Facility  |d Remote Storage  |t 0  |e TJ751 .G22  |h Library of Congress classification  |i unmediated -- volume  |k v.67  |l 1971  |m A14851135112 
952 f f |p ric  |a Texas A&M University  |b Rellis Campus  |c Joint Library Facility  |d Remote Storage  |t 0  |e TJ751 .G22  |h Library of Congress classification  |i unmediated -- volume  |k v.68-69  |l 1972-1973  |m A14851135120 
952 f f |p ric  |a Texas A&M University  |b Rellis Campus  |c Joint Library Facility  |d Remote Storage  |t 0  |e TJ751 .G22  |h Library of Congress classification  |i unmediated -- volume  |k v.48  |l 1953  |m A14851134941 
952 f f |p ric  |a Texas A&M University  |b Rellis Campus  |c Joint Library Facility  |d Remote Storage  |t 0  |e TJ751 .G22  |h Library of Congress classification  |i unmediated -- volume  |k v.45  |l 1950  |m A14851134917 
952 f f |p ric  |a Texas A&M University  |b Rellis Campus  |c Joint Library Facility  |d Remote Storage  |t 0  |e TJ751 .G22  |h Library of Congress classification  |i unmediated -- volume  |k v.53  |l 1958  |m A14851134990 
952 f f |p ric  |a Texas A&M University  |b Rellis Campus  |c Joint Library Facility  |d Remote Storage  |t 0  |e TJ751 .G22  |h Library of Congress classification  |i unmediated -- volume  |k v.50  |l 1955  |m A14851134966 
952 f f |p ric  |a Texas A&M University  |b Rellis Campus  |c Joint Library Facility  |d Remote Storage  |t 0  |e TJ751 .G22  |h Library of Congress classification  |i unmediated -- volume  |k v.58  |l 1962  |m A14851135039 
952 f f |p ric  |a Texas A&M University  |b Rellis Campus  |c Joint Library Facility  |d Remote Storage  |t 0  |e TJ751 .G22  |h Library of Congress classification  |i unmediated -- volume  |k v.49  |l 1954  |m A14851134958 
952 f f |p ric  |a Texas A&M University  |b Rellis Campus  |c Joint Library Facility  |d Remote Storage  |t 0  |e TJ751 .G22  |h Library of Congress classification  |i unmediated -- volume  |k v.47:no.557-562,564-569  |l 1952:Jan.-June, Aug.-Dec.  |m A14851134933 
952 f f |p ric  |a Texas A&M University  |b Rellis Campus  |c Joint Library Facility  |d Remote Storage  |t 0  |e TJ751 .G22  |h Library of Congress classification  |i unmediated -- volume  |k v.64  |l 1968  |m A14851135088 
952 f f |p ric  |a Texas A&M University  |b Rellis Campus  |c Joint Library Facility  |d Remote Storage  |t 0  |e TJ751 .G22  |h Library of Congress classification  |i unmediated -- volume  |k v.65  |l 1969  |m A14851135096 
952 f f |p ric  |a Texas A&M University  |b Rellis Campus  |c Joint Library Facility  |d Remote Storage  |t 0  |e TJ751 .G22  |h Library of Congress classification  |i unmediated -- volume  |k v.62-63  |l 1966-1967  |m A14851135070 
952 f f |p ric  |a Texas A&M University  |b Rellis Campus  |c Joint Library Facility  |d Remote Storage  |t 0  |e TJ751 .G22  |h Library of Congress classification  |i unmediated -- volume  |k v.66  |l 1970  |m A14851135104 
952 f f |p ric  |a Texas A&M University  |b Rellis Campus  |c Joint Library Facility  |d Remote Storage  |t 0  |e TJ751 .G22  |h Library of Congress classification  |i unmediated -- volume  |k v.46  |l 1951  |m A14851134925 
952 f f |p ric  |a Texas A&M University  |b Rellis Campus  |c Joint Library Facility  |d Remote Storage  |t 0  |e TJ751 .G22  |h Library of Congress classification  |i unmediated -- volume  |k v.59  |l 1963  |m A14851135047 
952 f f |p ric  |a Texas A&M University  |b Rellis Campus  |c Joint Library Facility  |d Remote Storage  |t 0  |e TJ751 .G22  |h Library of Congress classification  |i unmediated -- volume  |k v.70-71  |l 1974-1975  |m A14851135138 
952 f f |p ric  |a Texas A&M University  |b Rellis Campus  |c Joint Library Facility  |d Remote Storage  |t 0  |e TJ751 .G22  |h Library of Congress classification  |i unmediated -- volume  |k v.60  |l 1964  |m A14851135054 
952 f f |p ric  |a Texas A&M University  |b Rellis Campus  |c Joint Library Facility  |d Remote Storage  |t 0  |e TJ751 .G22  |h Library of Congress classification  |i unmediated -- volume  |k v.61  |l 1965  |m A14851135062 
952 f f |p ric  |a Texas A&M University  |b Rellis Campus  |c Joint Library Facility  |d Remote Storage  |t 0  |e TJ751 .G22  |h Library of Congress classification  |i unmediated -- volume  |k v.56-57  |l 1961  |m A14851135021 
952 f f |p ric  |a Texas A&M University  |b Rellis Campus  |c Joint Library Facility  |d Remote Storage  |t 0  |e TJ751 .G22  |h Library of Congress classification  |i unmediated -- volume  |k v.54  |l 1959  |m A14851135005 
952 f f |p ric  |a Texas A&M University  |b Rellis Campus  |c Joint Library Facility  |d Remote Storage  |t 0  |e TJ751 .G22  |h Library of Congress classification  |i unmediated -- volume  |k v.51  |l 1956  |m A14851134974 
998 f f |a TJ751 .G22  |s v.45-71 (1950-1975)  |t 0  |l Remote Storage